Κλαδική οικονομική ΙΙ
Αποθηκεύτηκε σε:
| Κύριος συγγραφέας: | |
|---|---|
| Μορφή: | Βιβλίο |
| Γλώσσα: | Greek |
| Δημοσίευση: |
Αθήνα :
Παπαζήσης,
1997
|
| Θέματα: | |
| Ετικέτες: |
Προσθήκη ετικέτας
Δεν υπάρχουν, Καταχωρήστε ετικέτα πρώτοι!
|
MARC
| LEADER | 00000cam a2200000 i 4500 | ||
|---|---|---|---|
| 001 | 1/59519 | ||
| 008 | 020314s1997 gre d | ||
| 020 | |a 960-02-1243-0 | ||
| 035 | |l 10000515 | ||
| 040 | |a GR-MY-UA |b gre |e aacr | ||
| 041 | 0 | |a gre | |
| 082 | 0 | |a 338.6 | |
| 100 | 1 | |a Πάκος, Θεοφάνης Β. | |
| 245 | 1 | 0 | |a Κλαδική οικονομική ΙΙ / |c Θεοφάνης Β. Πάκος |
| 260 | |a Αθήνα : |b Παπαζήσης, |c 1997 | ||
| 300 | |a (τ.1: 482 σ.) | ||
| 504 | |a Περιέχει βιβλιογραφία | ||
| 505 | 0 | |a τ.1: Βιομηχανική οργάνωση επιχειρηματικές πολιτικές και απόδοση | |
| 650 | 0 | 0 | |a Industrial organization (Economic theory) |
| 740 | 0 | 2 | |a Βιομηχανική οργάνωση επιχειρηματικές πολιτικές και απόδοση |
| 852 | |a INST |b CHIOS |e 20020314 |h 338.6 ΠΑΚ |p 005200019919 |q 005200019919 |t BK |y 0 | ||
| 852 | |a INST |b CHIOS |e 20020314 |h 338.6 ΠΑΚ |p 005200019920 |q 005200019920 |t BK |y 0 | ||
| 852 | |a INST |b CHIOS |e 20020314 |h 338.6 ΠΑΚ |p 005200019921 |q 005200019921 |t BK |y 0 | ||
| 901 | |a BIBL2-2002-1 | ||
| 909 | |a Χ |b 099786 | ||
| 909 | |a Χ |b 099787 | ||
| 909 | |a Χ |b 099788 | ||
| 970 | |a ΣΠΕΝΤΖΑ |b ΕΛΕΝΗ |z 2002/03/14 | ||